| 000 | 00595am a2200229a 44500 | ||
|---|---|---|---|
| 003 | AR-BaBNM | ||
| 005 | 20251128202847.0 | ||
| 008 | 011101s1974 #AR|||||||||||000 | esp|| | ||
| 040 | _cAR-BaBNM | ||
| 100 | 1 | _aBolzan, Juan E. | |
| 245 | 1 | 0 | _aQué es la educación? |
| 250 | _a2ª ed. | ||
| 260 |
_aBuenos Aires _bGuadalupe _c1974 |
||
| 300 | _a91 p. | ||
| 490 | 0 | _aEducación en el tiempo | |
| 650 | 4 | _aTEORIAS DE LA EDUCACION | |
| 650 | 4 | _aFINALIDADES DE LA EDUCACION | |
| 650 | 4 | _aFILOSOFIA DE LA EDUCACION | |
| 650 | 4 | _aANTROPOLOGIA DE LA EDUCACION | |
| 942 | _cBK | ||
| 998 | _cCarmen | ||
| 999 |
_c932 _d932 |
||